Statistics for Marvel Questions #2

Click here to take the quiz!

General Stats

  • This quiz has been taken 21 times
  • The average score is 11 of 26

Answer Stats

Question:Answer:% Correct
Who is the alter-ego of Hulk?Bruce Banner
92%
Who started Hydra?Red Skull
85%
Who has an arrow controlled by a fin?Yondu
77%
What part of New York is Steve Rogers From?Brooklyn
77%
Peter Parker?Queens
77%
Who is Thor's older sister and Thanos' Love interest?Hela
77%
Who is the main villian of Hulk (2008)?Abomination
62%
Who is the devourer of worlds? And the master of the power cosmic.Galactus
54%
What actor plays the Collector?Benicio Del Toro
54%
Name the 9 relms:Asgard
54%
Midgard
46%
Jotunheim
38%
| What is the relm of the dwarves?Nidavellir
38%
Where does the collector Situate?Knowhere
38%
Who Broke up the Avengers?Helmut Zemo
38%
Who is an Empath?Mantis
38%
What is the name of the high priestess of the Sovereign? Ayesha
31%
What planet is ruled by the Grand master? Sakaar
31%
Who Killed The other and Threatened Thanos?Ronin
23%
Vanaheim
15%
Muspelheim
15%
Who is the father of Kamaria and Hovat?Drax
8%
Niflheim
8%
Svartalheim
0%
Alfheim
0%

Score Distribution

Percentile by Number Answered

Percent of People with Each Score

Your Score History

You have not taken this quiz